[Event "39. Vila de Benasque 2019"]
[Site "Benasque ESP"]
[Date "2019.07.11"]
[Round "8.4"]
[White "Bartel, Mateusz"]
[Black "Pulvett Marin, Daniel Eduardo"]
[Result "1-0"]
[WhiteElo "2600"]
[BlackElo "2474"]
[PlyCount "125"]
[EventDate "2019.07.05"]
[EventType "swiss"]
[EventRounds "10"]
[EventCountry "ESP"]
[SourceTitle "Ajedrez en Madrid"]
[Source "lmi"]
[SourceDate "2019.07.05"]
[SourceVersion "1"]
[SourceVersionDate "2019.07.14"]
[SourceQuality "1"]

1. e4 c5 2. Nf3 e6 3. d4 cxd4 4. Nxd4 Nc6 5. Nc3 Qc7 6. f4 a6 7. Be3 b5 8. Bd3
Bb7 9. Qf3 Nf6 10. O-O-O h5 11. h3 h4 12. Kb1 Na5 13. Nb3 Nc4 14. Bd4 Rc8 15.
Bxc4 bxc4 16. Nd2 Nh5 17. Rhf1 Ng3 18. Rfe1 Nf5 19. Qf2 Nxd4 20. Qxd4 Qc5 21.
Nxc4 d5 22. Qxc5 Rxc5 23. Ne5 dxe4 24. Nxf7 Rhh5 25. Ng5 Rhxg5 26. fxg5 Re5 27.
Rd4 Bc5 28. Rdxe4 Bxe4 29. Rxe4 Rxg5 30. Rxe6+ Kf7 31. Re2 Rf5 32. Kc1 Bd4 33.
Nd1 Kg6 34. Re6+ Bf6 35. Kd2 Ra5 36. a3 Kf5 37. Rd6 Kf4 38. Rd3 Rg5 39. Rf3+
Ke4 40. Nf2+ Kd5 41. Ng4 Bxb2 42. Rb3 Bd4 43. Kd3 Bc5 44. c4+ Kc6 45. Ke4 Bd6
46. Rf3 Ra5 47. Rf7 Rxa3 48. Rxg7 Rg3 49. Rg5 Kb6 50. Kd4 Rxg2 51. Rg6 Kc7 52.
c5 Bf8 53. Rg8 Rd2+ 54. Kc3 Rd8 55. Kc4 a5 56. Nf6 Bxc5 57. Rxd8 Kxd8 58. Kxc5
Ke7 59. Nd5+ Ke6 60. Nf4+ Kf5 61. Ng2 Ke4 62. Nxh4 Kf4 63. Ng2+ 1-0

[Event "39. Vila de Benasque 2019"]
[Site "Benasque ESP"]
[Date "2019.07.11"]
[Round "8.7"]
[White "Campora, Daniel H."]
[Black "Piorun, Kacper"]
[Result "1/2-1/2"]
[WhiteElo "2420"]
[BlackElo "2656"]
[PlyCount "84"]
[EventDate "2019.07.05"]
[EventType "swiss"]
[EventRounds "10"]
[EventCountry "ESP"]
[SourceTitle "Ajedrez en Madrid"]
[Source "lmi"]
[SourceDate "2019.07.05"]
[SourceVersion "1"]
[SourceVersionDate "2019.07.14"]
[SourceQuality "1"]

1. e4 c5 2. Nf3 e6 3. d4 cxd4 4. Nxd4 Nc6 5. Nc3 Qc7 6. Qd3 Nxd4 7. Qxd4 a6 8.
Be3 b5 9. O-O-O Bb7 10. Bxb5 axb5 11. Nxb5 Qc6 12. Na7 e5 13. Qxe5+ Qe6 14. Qc7
Bc6 15. a3 Nf6 16. Nxc6 Qxc6 17. Qxc6 dxc6 18. f3 Be7 19. Rd3 h5 20. Rhd1 h4
21. c4 Rh5 22. b4 Nh7 23. Kc2 Nf8 24. c5 Ne6 25. f4 f5 26. exf5 Rxf5 27. g4
hxg3 28. hxg3 Rh5 29. Kb3 Rh3 30. Bg1 g6 31. Kc4 Nc7 32. Kb3 Rb8 33. Bd4 Ne6
34. Re3 Kf7 35. Kc4 Rd8 36. Rdd3 Rh1 37. Be5 Rc1+ 38. Rc3 Rb1 39. Rb3 Rc1+ 40.
Rbc3 Rb1 41. Rb3 Rg1 42. Rbd3 Rc1+ 1/2-1/2

[Event "39. Vila de Benasque 2019"]
[Site "Benasque ESP"]
[Date "2019.07.11"]
[Round "8.10"]
[White "Cruz, Cristhian"]
[Black "Enchev, Ivajlo"]
[Result "1-0"]
[WhiteElo "2562"]
[BlackElo "2487"]
[PlyCount "63"]
[EventDate "2019.07.05"]
[EventType "swiss"]
[EventRounds "10"]
[EventCountry "ESP"]
[SourceTitle "Ajedrez en Madrid"]
[Source "lmi"]
[SourceDate "2019.07.05"]
[SourceVersion "1"]
[SourceVersionDate "2019.07.14"]
[SourceQuality "1"]

1. d4 Nf6 2. c4 e6 3. Nc3 Bb4 4. e3 O-O 5. Bd3 d5 6. Nf3 dxc4 7. Bxc4 c5 8. O-O
b6 9. a3 cxd4 10. exd4 Bxc3 11. bxc3 Qc7 12. Qe2 Bb7 13. Bd2 Nbd7 14. Bd3 Rad8
15. Rac1 Rfe8 16. Bg5 Qd6 17. Bb5 Bc6 18. a4 Rc8 19. Rfe1 Qd5 20. c4 Qf5 21.
Bh4 Nb8 22. Bg3 a6 23. Bxc6 Nxc6 24. h3 Red8 25. Qb2 Qa5 26. Bh4 Qb4 27. Qa1
Na5 28. d5 exd5 29. Bxf6 gxf6 30. Qxf6 Rd6 31. Qf5 Rxc4 32. Ng5 1-0

[Event "39. Vila de Benasque 2019"]
[Site "Benasque ESP"]
[Date "2019.07.13"]
[Round "10.2"]
[White "Indjic, Aleksandar"]
[Black "Forcen Esteban, Daniel"]
[Result "1/2-1/2"]
[WhiteElo "2604"]
[BlackElo "2566"]
[PlyCount "64"]
[EventDate "2019.07.05"]
[EventType "swiss"]
[EventRounds "10"]
[EventCountry "ESP"]
[SourceTitle "Ajedrez en Madrid"]
[Source "lmi"]
[SourceDate "2019.07.05"]
[SourceVersion "1"]
[SourceVersionDate "2019.07.14"]
[SourceQuality "1"]

1. Nf3 Nf6 2. d4 e6 3. c4 Bb4+ 4. Nc3 Ne4 5. Qc2 f5 6. g3 c6 7. Bg2 Qa5 8. O-O
Bxc3 9. bxc3 Qxc3 10. Qxc3 Nxc3 11. Bb2 Na4 12. Ba3 d5 13. Nd2 b5 14. cxb5 cxb5
15. Rac1 Kd7 16. g4 g6 17. Rc2 Nc6 18. Rfc1 Bb7 19. Rxc6 Bxc6 20. Nf3 Rhc8 21.
Ne5+ Ke8 22. gxf5 gxf5 23. Kh1 a5 24. Bd6 Kd8 25. Nf7+ Kd7 26. Bf4 Bb7 27. Ne5+
Ke7 28. Bg5+ Kd6 29. Nf7+ Kd7 30. Ne5+ Kd6 31. Nf7+ Kd7 32. Ne5+ Kd6 1/2-1/2

[Event "39. Vila de Benasque 2019"]
[Site "Benasque ESP"]
[Date "2019.07.13"]
[Round "10.3"]
[White "Bartel, Mateusz"]
[Black "Kharitonov, Alexandr"]
[Result "1-0"]
[WhiteElo "2600"]
[BlackElo "2540"]
[PlyCount "133"]
[EventDate "2019.07.05"]
[EventType "swiss"]
[EventRounds "10"]
[EventCountry "ESP"]
[SourceTitle "Ajedrez en Madrid"]
[Source "lmi"]
[SourceDate "2019.07.05"]
[SourceVersion "1"]
[SourceVersionDate "2019.07.14"]
[SourceQuality "1"]

1. e4 e6 2. d4 d5 3. Nc3 Bb4 4. e5 c5 5. a3 Ba5 6. Bd2 Nc6 7. Nb5 Bxd2+ 8. Qxd2
Nxd4 9. Nxd4 cxd4 10. Nf3 Ne7 11. Qxd4 Nc6 12. Qe3 Qa5+ 13. c3 d4 14. Nxd4 Qxe5
15. Qxe5 Nxe5 16. f4 Nc6 17. Nxc6 bxc6 18. O-O-O Ke7 19. g3 c5 20. Bg2 Rb8 21.
Rhe1 Bb7 22. Be4 g6 23. Bc2 Rhd8 24. Rxd8 Rxd8 25. Re5 Bd5 26. c4 f6 27. Re3
Bxc4 28. Rc3 Bf1 29. Rxc5 Kd6 30. b4 Rd7 31. Kd2 Bg2 32. Bb3 h6 33. h4 e5 34.
fxe5+ fxe5 35. Ra5 g5 36. Ra6+ Ke7+ 37. Ke3 e4 38. Bc2 Rc7 39. Bxe4 Rc3+ 40.
Kd4 Rxg3 41. Rxa7+ Kd8 42. Bxg2 Rxg2 43. hxg5 hxg5 44. a4 g4 45. Rg7 g3 46. Kc4
Rg1 47. Kb5 g2 48. a5 Kc8 49. a6 Rh1 50. Rxg2 Kb8 51. Rg8+ Ka7 52. Rg7+ Kb8 53.
Kb6 Rh6+ 54. Ka5 Rh5+ 55. b5 Rf5 56. Rb7+ Ka8 57. Rc7 Kb8 58. Rc4 Rh5 59. Kb6
Rh6+ 60. Rc6 Rh8 61. Rc5 Rh6+ 62. Ka5 Rh1 63. Rg5 Rh8 64. b6 Ka8 65. a7 Kb7 66.
Rg7+ Ka8 67. Ka6 1-0

[Event "39. Vila de Benasque 2019"]
[Site "Benasque ESP"]
[Date "2019.07.13"]
[Round "10.5"]
[White "Gordon, Stephen J"]
[Black "Piorun, Kacper"]
[Result "1/2-1/2"]
[WhiteElo "2516"]
[BlackElo "2656"]
[PlyCount "95"]
[EventDate "2019.07.05"]
[EventType "swiss"]
[EventRounds "10"]
[EventCountry "ESP"]
[SourceTitle "Ajedrez en Madrid"]
[Source "lmi"]
[SourceDate "2019.07.05"]
[SourceVersion "1"]
[SourceVersionDate "2019.07.14"]
[SourceQuality "1"]

1. Nf3 f5 2. d3 d6 3. e4 e5 4. Nc3 Nf6 5. exf5 Bxf5 6. d4 e4 7. Nh4 Qd7 8. Be2
Be6 9. d5 Bf7 10. f3 Be7 11. O-O Nxd5 12. Nxd5 Bxh4 13. fxe4 O-O 14. Bg4 Qd8
15. g3 Be7 16. Rxf7 Rxf7 17. Be6 c6 18. Qh5 cxd5 19. Qxf7+ Kh8 20. exd5 Na6 21.
Be3 Bf6 22. c3 b6 23. Rf1 Nc5 24. Bf5 Qe8 25. Qxe8+ Rxe8 26. Bf4 g6 27. Bc2 Be5
28. Re1 Kg7 29. Bxe5+ dxe5 30. b4 Nb7 31. Ba4 Re7 32. c4 e4 33. Bc6 Nd8 34. Ba8
Nf7 35. Kg2 Kf6 36. d6 Nxd6 37. c5 bxc5 38. bxc5 Nb7 39. Rc1 Rc7 40. Bxb7 Rxb7
41. c6 Rc7 42. Kf2 Ke5 43. Ke3 Kd5 44. h4 a5 45. Rd1+ Ke5 46. Rc1 Kd5 47. Rd1+
Ke5 48. Rc1 1/2-1/2

[Event "39. Vila de Benasque 2019"]
[Site "Benasque ESP"]
[Date "2019.07.13"]
[Round "10.6"]
[White "Banusz, Tamas"]
[Black "Dimitrov, Radoslav"]
[Result "1/2-1/2"]
[WhiteElo "2626"]
[BlackElo "2530"]
[PlyCount "100"]
[EventDate "2019.07.05"]
[EventType "swiss"]
[EventRounds "10"]
[EventCountry "ESP"]
[SourceTitle "Ajedrez en Madrid"]
[Source "lmi"]
[SourceDate "2019.07.05"]
[SourceVersion "1"]
[SourceVersionDate "2019.07.14"]
[SourceQuality "1"]

1. d4 g6 2. Nf3 Bg7 3. c4 d6 4. Nc3 c5 5. dxc5 dxc5 6. Qxd8+ Kxd8 7. Bf4 Bxc3+
8. bxc3 Nc6 9. O-O-O+ Ke8 10. e4 Nf6 11. Bd3 Bg4 12. Rhe1 Nd7 13. e5 Nb6 14.
Be4 Be6 15. Bd5 Nxc4 16. Bxe6 fxe6 17. Ng5 Nd8 18. Re4 Nb6 19. Rd3 h6 20. Rh3
Nd5 21. Bd2 Kd7 22. Reh4 Nc6 23. Rxh6 Rxh6 24. Rxh6 Nxe5 25. Kc2 Rg8 26. Rh4 b5
27. Re4 Nc4 28. Nxe6 Nxd2 29. Kxd2 Rc8 30. Ng5 b4 31. cxb4 cxb4 32. Re5 Nb6 33.
Rb5 Nc4+ 34. Kd3 Nb2+ 35. Kd4 Rc4+ 36. Kd5 Rf4 37. Rb7+ Kc8 38. Rxe7 Rxf2 39.
g4 Rd2+ 40. Kc6 Rc2+ 41. Kb5 Nd3 42. Ne6 Rxa2 43. Rc7+ Kb8 44. Rd7 Ne5 45. Rd5
b3 46. Rd8+ Kb7 47. Nc5+ Kc7 48. Ne6+ Kb7 49. Nc5+ Kc7 50. Ne6+ Kb7 1/2-1/2

[Event "39. Vila de Benasque 2019"]
[Site "Benasque ESP"]
[Date "2019.07.13"]
[Round "10.8"]
[White "Valmaña Canto, Jaime"]
[Black "Martinez Alcantara, Jose Eduardo"]
[Result "1/2-1/2"]
[WhiteElo "2401"]
[BlackElo "2601"]
[PlyCount "99"]
[EventDate "2019.07.05"]
[EventType "swiss"]
[EventRounds "10"]
[EventCountry "ESP"]
[SourceTitle "Ajedrez en Madrid"]
[Source "lmi"]
[SourceDate "2019.07.05"]
[SourceVersion "1"]
[SourceVersionDate "2019.07.14"]
[SourceQuality "1"]

1. e4 c5 2. Nf3 d6 3. d4 cxd4 4. Nxd4 Nf6 5. Nc3 a6 6. Bg5 Nbd7 7. Qe2 h6 8.
Bh4 g6 9. f4 e5 10. fxe5 dxe5 11. O-O-O Be7 12. Nb3 Qc7 13. Qc4 Qxc4 14. Bxc4
Nb6 15. Bd3 Be6 16. Nc5 Ng4 17. Bxe7 Kxe7 18. Rdf1 Rab8 19. Rf3 Rhf8 20. h3 Nf6
21. Rhf1 Nbd7 22. Nxe6 fxe6 23. a4 Rbc8 24. Kd2 Nc5 25. b4 Nxd3 26. cxd3 Rcd8
27. Kc2 g5 28. a5 h5 29. Na4 g4 30. hxg4 hxg4 31. R3f2 g3 32. Rf3 Nh5 33. Rxf8
Rxf8 34. Rxf8 Kxf8 35. Kd2 Nf4 36. Nc3 Ke7 37. Ne2 Nxg2 38. Nxg3 Kd6 39. Kc3
Kc6 40. Nf1 b6 41. axb6 Kxb6 42. Nd2 Kb5 43. Nc4 Nf4 44. Nd6+ Kc6 45. Nc4 Kb5
46. Nxe5 Ne2+ 47. Kd2 Nd4 48. Kc3 Ne2+ 49. Kb3 Nd4+ 50. Kc3 1/2-1/2

[Event "39. Vila de Benasque 2019"]
[Site "Benasque ESP"]
[Date "2019.07.13"]
[Round "10.9"]
[White "Torres Sanchez, Jose"]
[Black "Rychagov, Andrey"]
[Result "0-1"]
[WhiteElo "2267"]
[BlackElo "2537"]
[PlyCount "94"]
[EventDate "2019.07.05"]
[EventType "swiss"]
[EventRounds "10"]
[EventCountry "ESP"]
[SourceTitle "Ajedrez en Madrid"]
[Source "lmi"]
[SourceDate "2019.07.05"]
[SourceVersion "1"]
[SourceVersionDate "2019.07.14"]
[SourceQuality "1"]

1. c4 f5 2. Nc3 Nf6 3. d4 e6 4. e3 Bb4 5. Nge2 O-O 6. a3 Be7 7. Ng3 d5 8. Bd3
Ne4 9. Nge2 c6 10. f3 Nxc3 11. bxc3 Bd6 12. O-O Nd7 13. cxd5 cxd5 14. Qc2 Qc7
15. g3 Nb6 16. e4 fxe4 17. fxe4 Rxf1+ 18. Kxf1 e5 19. dxe5 Bh3+ 20. Kg1 Bc5+
21. Nd4 Qxe5 22. Bf4 Bxd4+ 23. Kh1 Qh5 24. cxd4 g5 25. Be2 Bg4 26. Bxg4 Qxg4
27. Be5 Rc8 28. Qd3 Qxe4+ 29. Qxe4 dxe4 30. Re1 Nd5 31. Rxe4 Rc3 32. Bd6 Re3
33. Rxe3 Nxe3 34. Kg1 Kf7 35. Kf2 Nc4 36. Bb8 a6 37. a4 g4 38. Ke2 Ke6 39. Kd3
Kd5 40. Kc3 h5 41. Bc7 b5 42. axb5 axb5 43. Bd8 Ne3 44. Kd3 Nf1 45. Be7 Nxh2
46. Ke3 Nf1+ 47. Kf4 Kxd4 0-1

[Event "39. Vila de Benasque 2019"]
[Site "Benasque ESP"]
[Date "2019.07.13"]
[Round "10.10"]
[White "Suarez Uriel, Adrian"]
[Black "Cruz, Cristhian"]
[Result "1-0"]
[WhiteElo "2392"]
[BlackElo "2562"]
[PlyCount "61"]
[EventDate "2019.07.05"]
[EventType "swiss"]
[EventRounds "10"]
[EventCountry "ESP"]
[SourceTitle "Ajedrez en Madrid"]
[Source "lmi"]
[SourceDate "2019.07.05"]
[SourceVersion "1"]
[SourceVersionDate "2019.07.14"]
[SourceQuality "1"]

1. e4 c5 2. Nf3 Nc6 3. d4 cxd4 4. Nxd4 e6 5. Nc3 Qc7 6. Be3 a6 7. Qf3 Bd6 8.
O-O-O Be5 9. g3 Nf6 10. Qe2 O-O 11. f4 Bxd4 12. Bxd4 Nxd4 13. Rxd4 d6 14. Bg2
e5 15. Rd2 b5 16. Rhd1 b4 17. Nd5 Nxd5 18. Rxd5 Be6 19. Rxd6 Bxa2 20. Qe3 Rfb8
21. f5 f6 22. b3 Qa5 23. R1d2 Rc8 24. Rd7 Kh8 25. Kd1 Bb1 26. Rxg7 Bxc2+ 27.
Ke1 Bxb3 28. Qh6 Rc1+ 29. Kf2 Qb6+ 30. Kf3 Bg8 31. Rdd7 1-0